General Knowledge #14 - Statistics

General Stats
  • This quiz has been taken 35 times
  • The average score is 10 of 15
Answer Stats
Hint Answer % Correct
Which object does an ice hockey player try to hit into a goal with their stick? Puck
96%
The Cape of Good Hope is a rocky headland on the coast of which country? South Africa
86%
What is the only fruit that has its seeds on the outside? Strawberry
86%
How many holes are there in a standard ten-pin bowling ball? Three
86%
The dromedary and the bactrian are two of the three species of which animal? Camel
79%
Who was US President at the time when astronauts first walked on the moon? Richard Nixon
79%
Which ‘International Man of Mystery’ has been played on screen by Mike Myers? Austin Powers
75%
Before his solo career, Justin Timberlake was a member of which boy band? *NSYNC
75%
What is the longest river which lies completely within France? Loire
61%
The name of which martial art was originally written as "Chinese hand" (唐手)? Karate
57%
Port is said to derive its name from which city at the mouth of the Douro River? Porto
57%
Who wrote ‘The Time Machine’, ‘The Invisible Man’ and ‘The War of the Worlds’? H. G. Wells
46%
Irish musician James Galway is best known for playing which instrument? Flute
43%
Canadians Scott Abbott & Chris Haney invented which board game in the 1970s? Trivial Pursuit
43%
Who played Rick Grimes in the long-running television show ‘The Walking Dead’? Andrew Lincoln
14%
No matching quizzes found
Score Distribution
Percent of People with Each Score
Percentile by Number Answered
Your Score History
You have not taken this quiz